00323nam a2200109Ia 4500008004100000082000800041100001900049245002900068942000600097952009500103999001500198240331s9999 xx 000 0 und d bSEN aSeneviratne, M 0aLeaves from the Asvattha cL 001040708LaWERCLbWERCLcSSCd2024-03-31l0o 820 SENp1320r2024-03-31w2024-03-31yL c4342d4342